000
00325nam a2200133 a 4500
005
20141022141959.0
008
120229s19uu xx 00 eng d
050
_a
CD-ROM
_b
W85 2004
100
_a
Wood, Julia T.
245
_a
Communication mosaics /
_c
Julia T. Wood.
250
_a
3rd ed.
260
_c
2004.
942
_c
AVM
999
_c
276173
_d
276173